[Event "Yerevan"]
[Site "Yerevan"]
[Date "1982.??.??"]
[Round "13"]
[White "Eolian, Levon S"]
[Black "Grigorian, Karen Ashotovich"]
[Result "1/2-1/2"]
[WhiteElo "2355"]
[BlackElo "2415"]

1.e4 c5 2.Nf3 d6 3.Bb5+ Bd7 4.Bxd7+ Qxd7 5.O-O Nf6 6.Re1 Nc6 7.c3 e6 8.d4 cxd4
9.cxd4 d5 10.e5 Ne4 11.Nbd2 Nxd2 12.Bxd2 Be7 13.Bg5 Bxg5 14.Nxg5 h6 15.Nf3 O-O
16.Rc1 Rfc8 17.Qd2 Ne7 18.h3 Qa4 19.a3  1/2-1/2

[Event "Aarhus"]
[Site "Aarhus"]
[Date "1983.??.??"]
[Round "7"]
[White "Fries Nielsen, Jens Ove"]
[Black "Tisdall, Jonathan D"]
[Result "1/2-1/2"]
[WhiteElo "2440"]
[BlackElo "2440"]

1.e4 c5 2.Nf3 d6 3.Bb5+ Nd7 4.c3 Nf6 5.d3 a6 6.Ba4 g6 7.O-O Bg7 8.Bc2 O-O
9.a4 b6 10.d4 cxd4 11.cxd4 Bb7 12.Qe2 Rc8 13.Nc3 Rc7 14.Re1 Qa8 15.Bb3 e5
16.dxe5 dxe5 17.Bg5 Rxc3 18.bxc3 Nxe4 19.Be7 Re8 20.Bb4 a5 21.Qc4 axb4 22.Qxf7+ Kh8
23.Rxe4 Nf6 24.Ng5 Rf8 25.Rxe5 Rxf7 26.Nxf7+ Kg8 27.Rd1 Nd5 28.Rexd5 Bxd5
29.Rxd5 Bf6 30.cxb4 Kf8 31.g3  1/2-1/2

[Event "Bratislava"]
[Site "Bratislava"]
[Date "1983.??.??"]
[Round "7"]
[White "Ghinda, Mihail Viorel"]
[Black "Ftacnik, Lubomir"]
[Result "1-0"]
[WhiteElo "2480"]
[BlackElo "2535"]

1.e4 c5 2.Nf3 d6 3.Bb5+ Nd7 4.d4 Nf6 5.Nc3 a6 6.Bxd7+ Nxd7 7.O-O e6 8.Bg5 Qc7
9.dxc5 Nxc5 10.Re1 f6 11.Bd2 Qf7 12.Bf4 e5 13.b4 Qc4 14.Bd2 Nd7 15.Nd5 b5
16.Re3 Rb8 17.Qe1 f5 18.Ng5 fxe4 19.Ne6 Kf7 20.Nec7 Qd4 21.Rc3 e3 22.Bxe3 Qe4
23.f3 Qg6 24.a4 bxa4 25.Qe2 Nf6 26.Qc4 Nxd5 27.Nxd5 Be6 28.Qc7+ Kg8 29.Qxb8 Bxd5
30.Rc8 Qf6 31.Bg5  1-0

[Event "Bratislava"]
[Site "Bratislava"]
[Date "1983.??.??"]
[Round "10"]
[White "Lechtynsky, Jiri"]
[Black "Donchev, Dimitar I"]
[Result "1/2-1/2"]
[WhiteElo "2475"]
[BlackElo "2455"]

1.e4 c5 2.Nf3 d6 3.Bb5+ Bd7 4.Bxd7+ Nxd7 5.O-O Ngf6 6.Qe2 e6 7.c3 Be7 8.d4 cxd4
9.cxd4 d5 10.e5 Ne4 11.Ne1 Qb6 12.Be3 f6 13.f3 Ng5 14.Nd3 O-O 15.Nc3 Rac8
16.Bf2 Qa6 17.Rfe1 fxe5 18.Nxe5 Nxe5 19.Qxe5 Rxf3 20.Nxd5 Bf6 21.Nxf6+ gxf6
22.Qe2 Qxe2 23.Rxe2 Rf4 24.Rae1 Rg4 25.Kf1 f5 26.d5 exd5 27.Re8+ Rxe8 28.Rxe8+ Kf7
29.Re5 Ne4 30.Bxa7 Nd2+ 31.Kf2 Ra4 32.Be3 Ne4+ 33.Kf3 Rxa2 34.Rxd5 Rxb2 35.Rxf5+ Kg6
36.g4 Nd2+ 37.Kg3 Rb3 38.Kf4 Rb4+ 39.Kg3 Rb3 40.Kf4 Rb4+  1/2-1/2

[Event "Bratislava"]
[Site "Bratislava"]
[Date "1983.??.??"]
[Round "15"]
[White "Ghinda, Mihail Viorel"]
[Black "Vera, Reynaldo"]
[Result "1/2-1/2"]
[WhiteElo "2480"]
[BlackElo "2450"]

1.e4 c5 2.Nf3 d6 3.Bb5+ Nc6 4.O-O Bd7 5.Re1 Nf6 6.c3 a6 7.Bf1 Bg4 8.d3 g6
9.Nbd2 Bg7 10.h3 Bxf3 11.Nxf3 O-O 12.d4 cxd4 13.cxd4 Nd7 14.Bg5 Re8 15.Be3 Rc8
16.Rc1 Qa5 17.Qb3 b5 18.Red1 Qb4 19.Qxb4 Nxb4 20.Bd2 Nc6 21.a4 Nxd4 22.Nxd4 Bxd4
23.axb5 a5 24.Bxa5 Rxc1 25.Rxc1 Nc5 26.Rc4 e5 27.Bc3 Bxc3 28.bxc3 Rb8 29.Rb4 Kf8
30.f3 f5 31.exf5 gxf5 32.Bc4 Rb6 33.g3 Ke7 34.Bd5 Kf6 35.Kf1 e4 36.fxe4 fxe4
37.Bxe4 Nxe4 38.Rxe4 Rxb5 39.Rf4+ Ke6 40.Ke2 h5 41.Re4+ Kf5 42.Rh4 Kf6 43.Kd3 Rg5
44.g4 hxg4 45.Rxg4 Rh5 46.h4 Ke6 47.Re4+ Kf6 48.Kd4 Kf7 49.Ke3 Rc5 50.Kd3 Rh5
51.Rd4 Ke6 52.c4 Rc5 53.Re4+ Kf6 54.Kd4 Rh5 55.Rg4 Kf7 56.Ke3 Ke6 57.Rd4 d5
58.c5 Kd7 59.Rg4 Kc6 60.Kd4 Rh6 61.Rf4 Rh5 62.Rf6+ Kc7 63.Rf4 Kc6 64.Rg4  1/2-1/2

[Event "Elekes mem-A"]
[Site "Budapest"]
[Date "1983.??.??"]
[Round "?"]
[White "Fuesthy, Z."]
[Black "Tischbierek, Raj"]
[Result "1/2-1/2"]
[WhiteElo "2200"]
[BlackElo "2435"]

1.e4 c5 2.Nf3 d6 3.Bb5+ Bd7 4.Bxd7+ Qxd7 5.O-O Nc6 6.c3 Nf6 7.Qe2 e6 8.d4 cxd4
9.cxd4 d5 10.e5 Ne4 11.Nbd2 Nxd2 12.Bxd2 Be7 13.Rac1 O-O 14.Rc2 Rac8 15.Rfc1 h6
16.h3 Rc7 17.Ba5 Rcc8 18.Bd2 a6 19.Qd3 Na7 20.Qb3 Rxc2 21.Rxc2 Rc8 22.Rxc8+ Qxc8
23.Qc3 Qd7 24.Qb3 Kf8 25.Bb4 Nc6 26.Bxe7+ Qxe7 27.a3 Qc7 28.Qc3 Ke8 29.Ne1 Qb6
30.Nc2 Kd8 31.Kf1 Qb5+ 32.Ke1 Na5 33.Qb4 Qxb4+ 34.Nxb4 Nc4 35.Nd3 Ke7 36.Kd1 f6
37.exf6+ gxf6 38.Kc2  1/2-1/2

[Event "Buenos Aires-B"]
[Site "Buenos Aires"]
[Date "1983.??.??"]
[Round "1"]
[White "Borghi, Humberto"]
[Black "Schweber, Samuel"]
[Result "1/2-1/2"]
[WhiteElo "2360"]
[BlackElo "2420"]

1.e4 c5 2.Nf3 d6 3.Bb5+ Bd7 4.Bxd7+ Qxd7 5.c4 Nc6 6.Nc3 g6 7.d4 cxd4 8.Nxd4 Bg7
9.Be3 Nf6 10.f3 O-O 11.Rc1 Rfc8 12.b3 Qd8 13.O-O a6 14.Qd2 Rab8 15.Rfd1 Nxd4
16.Bxd4 b5 17.Nd5 Nxd5 18.cxd5 Bxd4+ 19.Qxd4 Qd7 20.Qd2  1/2-1/2

[Event "Buenos Aires"]
[Site "Buenos Aires"]
[Date "1983.??.??"]
[Round "4"]
[White "Szmetan, Jorge"]
[Black "Darcyl, Tomas"]
[Result "1-0"]
[WhiteElo "2385"]
[BlackElo "2200"]

1.e4 c5 2.Nf3 d6 3.Bb5+ Nd7 4.d4 Nf6 5.Nc3 cxd4 6.Qxd4 e6 7.Bg5 Be7 8.O-O-O O-O
9.Rhe1 Qc7 10.Bxd7 Bxd7 11.Bxf6 gxf6 12.Nh4 Rac8 13.f4 Qc4 14.f5 b5 15.Qxa7 Rc7
16.Qd4 b4 17.Qxc4 Rxc4 18.Nb1 Rfc8 19.c3 Bc6 20.Nf3 Rxe4 21.Nd4 Rxe1 22.Rxe1 e5
23.Nxc6 Rxc6 24.a3 d5 25.axb4 Bxb4 26.Kc2 Kg7 27.Re3 d4 28.Rg3+ Kh6 29.Nd2 dxc3
30.bxc3 Bc5 31.Ne4 Bg1 32.h3 Bh2 33.Rg8 Ra6 34.Kd3 Bf4 35.Ke2 Ra2+ 36.Kf3 Rc2
37.h4 Bd2 38.g4 Bf4 39.Nxf6 Rxc3+ 40.Ke2 Rg3 41.Kf2 e4 42.g5+ Bxg5 43.Nxe4 Rg4
44.hxg5+  1-0

[Event "Capablanca mem-B"]
[Site "Cienfuegos"]
[Date "1983.??.??"]
[Round "?"]
[White "Pinal, Nelson Borges"]
[Black "Lukov, Valentin"]
[Result "1/2-1/2"]
[WhiteElo "2405"]
[BlackElo "2430"]

1.e4 c5 2.Nf3 d6 3.Bb5+ Nc6 4.O-O a6 5.Bxc6+ bxc6 6.b3 Bg4 7.Bb2 e5 8.d3 Be7
9.Nbd2 Nf6 10.h3 Be6 11.Nh2  1/2-1/2

[Event "Copenhagen"]
[Site "Copenhagen"]
[Date "1983.??.??"]
[Round "8"]
[White "Lawton, Geoffrey W"]
[Black "Hansen, Curt"]
[Result "1-0"]
[WhiteElo "2380"]
[BlackElo "2450"]

1.e4 c5 2.Nf3 d6 3.Bb5+ Nd7 4.d4 Nf6 5.Nc3 cxd4 6.Qxd4 e5 7.Qd3 h6 8.Be3 Be7
9.O-O-O a6 10.Bxd7+ Bxd7 11.h3 b5 12.g4 b4 13.Nd5 Nxd5 14.exd5 Qc7 15.Nxe5 dxe5
16.d6 Bxd6 17.Qxd6 Qxd6 18.Rxd6 a5 19.Re1 h5 20.Bc5 hxg4 21.Rxe5+ Be6 22.hxg4 g6
23.b3 Rh3 24.Kb2 Rf3 25.Be3 Rh3 26.Rd4 Kf8 27.a3 bxa3+ 28.Kxa3 Rh1 29.Kb2 Rg1
30.g5 Rg4 31.Rxg4 Bxg4 32.Ka3 Be6 33.Bb6 a4 34.bxa4 Ke8 35.a5 Kd7 36.Re3 Kc6
37.Kb4 Kb7 38.Re4 Rh8 39.c4 Rh5 40.Re5 Rh4 41.Be3 Rh1 42.Rb5+ Ka8 43.a6 Rh4
44.Rc5 Kb8 45.Rc6 Rh8 46.a7+ Kb7 47.Rb6+ Ka8 48.Kc3 Rc8 49.Rb4 Rd8 50.Bb6 Rd7
51.c5 Bd5 52.Rh4  1-0

[Event "Nordic-ch"]
[Site "Esbjerg"]
[Date "1983.??.??"]
[Round "?"]
[White "Raaste, Eero J"]
[Black "Schneider, Lars Ake"]
[Result "1/2-1/2"]
[WhiteElo "2375"]
[BlackElo "2445"]

1.e4 c5 2.Nf3 d6 3.Bb5+ Bd7 4.Bxd7+ Nxd7 5.O-O Ngf6 6.Qe2 e6 7.b3 Be7 8.Bb2 O-O
9.c4 a6 10.d4 cxd4 11.Nxd4 Qc7 12.Nc3 b6 13.Rac1 Qb7 14.Kh1 Nc5 15.f3 Rfd8
16.Rfd1 Bf8 17.Qe3 Ncd7 18.Rc2 Nc5 19.Rcc1 Ncd7 20.Rc2 Nc5  1/2-1/2

[Event "Nordic-ch"]
[Site "Esbjerg"]
[Date "1983.??.??"]
[Round "?"]
[White "Raaste, Eero J"]
[Black "Sigurjonsson, Gudmundur"]
[Result "1/2-1/2"]
[WhiteElo "2375"]
[BlackElo "2460"]

1.e4 c5 2.Nf3 d6 3.Bb5+ Bd7 4.Bxd7+ Qxd7 5.O-O e6 6.c3 Nf6 7.Qe2 Nc6 8.d4 cxd4
9.cxd4 d5 10.e5 Ne4 11.Nbd2 Nxd2 12.Bxd2 Be7 13.Rfc1 O-O 14.Rc2 Rfc8 15.Rac1 a6
16.h4 Na7 17.Bg5 Bf8 18.Rxc8 Rxc8 19.Rxc8 Qxc8 20.Qd2 h6 21.Be3 Qc4 22.b3 Qb4
23.Qc2 Qb6 24.g4 Qc6 25.Qd3 Nb5 26.Bd2 Na3 27.Kf1 Be7 28.Ke2 Qb5  1/2-1/2

[Event "Bundesliga 8283"]
[Site "Germany"]
[Date "1983.??.??"]
[Round "?"]
[White "Oechslein, Rainer"]
[Black "Schuh, Hubert"]
[Result "1/2-1/2"]
[WhiteElo "2205"]
[BlackElo "2305"]

1.e4 c5 2.Nf3 d6 3.Bb5+ Nd7 4.d4 Nf6 5.Nc3 cxd4 6.Qxd4 e5 7.Qd3 h6 8.Nd2 Be7
9.Nc4 O-O 10.Bxd7 Bxd7 11.Ne3 Be6 12.O-O Rc8 13.Bd2 Qb6 14.b3 Qd4 15.Rac1 Rc5
16.f3 Rfc8 17.Na4 Qxd3 18.cxd3 Rxc1 19.Rxc1 Rxc1+ 20.Bxc1 d5 21.exd5 Nxd5
22.Nxd5 Bxd5  1/2-1/2

[Event "BL2-N"]
[Site "Germany"]
[Date "1983.??.??"]
[Round "?"]
[White "Ahmels, Volker"]
[Black "Schruefer, Guenther"]
[Result "1/2-1/2"]
[WhiteElo "2240"]
[BlackElo "2205"]

1.e4 c5 2.Nf3 d6 3.Bb5+ Nc6 4.O-O Bd7 5.c3 a6 6.Bxc6 Bxc6 7.Re1 Nf6 8.d3 e5
9.Nbd2 Be7 10.d4 Qc7 11.a4 b5 12.d5 Bd7 13.axb5 Bxb5 14.Nf1 O-O 15.Ng3 g6
16.Bg5 Ne8 17.Bh6 Ng7 18.Qd2 Qd8 19.h4 f6 20.Ra3 Rf7 21.Rea1 Qc8 22.Qc2 f5
23.Bxg7 Kxg7 24.exf5 gxf5 25.c4 Be8 26.Ng5 Bxg5 27.hxg5 Rf8 28.Qe2 Kh8 29.Nh5 Rg8
30.f4 Bxh5 31.Qxh5 Rg6 32.Qh2 exf4 33.Qxf4 Qb7 34.Qd2 Rag8 35.Rg3 Rb8 36.b3 Re8
37.Qc3+ Kg8 38.Re1 Re4 39.Rxe4 fxe4 40.Qe3 Qe7 41.Rg4 Kf7 42.Rf4+ Kg8 43.Rxe4 Qxg5
44.Qxg5 Rxg5 45.Re6 Rg6 46.Re8+ Kf7 47.Ra8 Rg3 48.Rxa6 Rxb3 49.Rxd6 Rb4 50.Rd7+ Kg6
51.Kf2 Rxc4 52.Ke3 Rd4 53.d6 h6  1/2-1/2

[Event "Bundesliga 8283"]
[Site "Germany"]
[Date "1983.??.??"]
[Round "?"]
[White "Mevel, Alberic"]
[Black "Schuh, Hubert"]
[Result "1/2-1/2"]
[WhiteElo "2320"]
[BlackElo "2310"]

1.e4 c5 2.Nf3 d6 3.Bb5+ Nd7 4.d4 Nf6 5.Nc3 cxd4 6.Qxd4 e5 7.Qd3 h6 8.Be3 Be7
9.a4 O-O 10.O-O Qc7 11.Qc4 Bd8 12.Rfd1 a6 13.Qxc7 Bxc7 14.Bd3 Ba5 15.Bd2 Nc5
16.Nd5 Bd8 17.Nxf6+ Bxf6 18.Be3 Be6 19.Bxc5 dxc5 20.Nd2 Rfd8 21.Be2 Rd7 22.Nc4 Rad8
23.Rxd7 Rxd7 24.b3 Rd4 25.f3 Kf8 26.a5 Ke8 27.Bd3 Kd7 28.Kf1 Kc6 29.Ke2 g6
30.Nb6 Bg5 31.Rd1 Bd8 32.Nc4 Bc7 33.Ra1 f6 34.Nd2 f5 35.c3 Rd8 36.Bc4 Bxc4+
37.Nxc4 f4 38.g3 Kb5 39.gxf4 exf4 40.h3 g5 41.Ra2 h5 42.Ra1 Rg8 43.Kd3 g4
44.hxg4 hxg4 45.fxg4 Rxg4 46.Rf1 Rg3+ 47.Kc2 Rg2+ 48.Kd3 Rg3+ 49.Kc2 Rg2+  1/2-1/2

[Event "Bundesliga 8283"]
[Site "Germany"]
[Date "1983.??.??"]
[Round "?"]
[White "Roevekamp, Frank"]
[Black "Steinbacher, Matthias"]
[Result "1-0"]
[WhiteElo "2325"]
[BlackElo "2265"]

1.e4 c5 2.Nf3 d6 3.Bb5+ Bd7 4.Bxd7+ Nxd7 5.O-O Ngf6 6.Re1 e6 7.b3 Be7 8.Bb2 O-O
9.c4 e5 10.Nc3 g6 11.d3 Ne8 12.Nd2 Ng7 13.Nd5 Bg5 14.g3 Ne6 15.Rf1 f5 16.exf5 gxf5
17.f4 exf4 18.gxf4 Bxf4 19.Nxf4 Nxf4 20.Qf3 Ng6 21.Qd5+ Rf7 22.Rxf5 Nde5
23.Raf1 Qc7 24.Ne4 Rf8 25.Rxf7 Rxf7 26.Nxd6  1-0

[Event "Bundesliga 8283"]
[Site "Germany"]
[Date "1983.??.??"]
[Round "?"]
[White "Roevekamp, Frank"]
[Black "Westermeier, Arnulf"]
[Result "1-0"]
[WhiteElo "2325"]
[BlackElo "2285"]

1.e4 c5 2.Nf3 d6 3.Bb5+ Bd7 4.Bxd7+ Qxd7 5.O-O Nc6 6.c3 Nf6 7.d4 cxd4 8.cxd4 d5
9.e5 Ne4 10.Ne1 h6 11.Be3 e6 12.f3 Ng5 13.Nd3 Be7 14.Nc3 Nh7 15.f4 g6 16.Rc1 Nb4
17.Nc5 Bxc5 18.dxc5 a6 19.a3 Nc6 20.Bd4 Qe7 21.b4 Rc8 22.Ne2 Nf8 23.Qd3 Nd7
24.Bb2 h5 25.Ng3 h4 26.Ne2 Rh5 27.g4 hxg3 28.hxg3 Qf8 29.Kg2 Qh6 30.Rh1 Ke7
31.g4 Rh4 32.Qg3 Rh8 33.Rxh4 Qxh4 34.Qxh4+ Rxh4 35.Kg3 Rh8 36.Nd4 Nxd4 37.Bxd4 Nb8
38.a4 Nc6 39.Bc3 Na7 40.Rb1 Kd7 41.b5 axb5 42.axb5 Nc8 43.Ra1 Ne7 44.Ra7 Kc7
45.c6 Nxc6 46.bxc6 Kxc6 47.Bd4 Rh1 48.Ra8 Rd1 49.Bf2 d4 50.Rd8 d3  1-0

[Event "Bundesliga 8283"]
[Site "Germany"]
[Date "1983.??.??"]
[Round "?"]
[White "Hecht, Hans Joachim"]
[Black "Wittmann, Rainer"]
[Result "1-0"]
[WhiteElo "2455"]
[BlackElo "2325"]

1.e4 c5 2.Nf3 d6 3.Bb5+ Bd7 4.Bxd7+ Nxd7 5.O-O g6 6.c3 Ngf6 7.Qe2 Bg7 8.d4 Qb6
9.e5 dxe5 10.dxe5 Nd5 11.c4 Nb4 12.Nc3 e6 13.Rd1 Nc6 14.Bf4 h6 15.Rd6 O-O-O
16.h4 Bf8 17.Ne4 Be7 18.Rd2 Ndb8 19.Rad1 Nd4 20.Nxd4 Rxd4 21.Rxd4 cxd4 22.c5 Qb4
23.a3 Qa4 24.b4 Qxa3 25.Nd6+ Bxd6 26.exd6 Re8 27.b5 a6 28.Rxd4 axb5 29.Qxb5 Rd8
30.Ra4 Qc3 31.Ra8 e5 32.Qb6  1-0

[Event "Bundesliga 8283"]
[Site "Germany"]
[Date "1983.??.??"]
[Round "?"]
[White "Heidrich, Manfred"]
[Black "Chandler, Murray G"]
[Result "0-1"]
[WhiteElo "2260"]
[BlackElo "2500"]

1.e4 c5 2.Nf3 d6 3.Bb5+ Bd7 4.Bxd7+ Qxd7 5.c4 e5 6.Nc3 Ne7 7.d3 g6 8.Nd5 Nxd5
9.cxd5 Bg7 10.O-O a5 11.Rb1 Na6 12.Bd2 Nb4 13.Bxb4 axb4 14.Ra1 O-O 15.a3 bxa3
16.Rxa3 Rxa3 17.bxa3 Ra8 18.Qb3 Ra5 19.Rb1 b5 20.Ne1 Bf6 21.Nc2 Qg4 22.Ne3 Qc8
23.Nc2 h5 24.Qc3 Qa8 25.Rb3 Bg5 26.Qb2 Qa6 27.Qb1 Kg7 28.Qe1 Ra4 29.Qc3 Bc1
30.Qa1 Bd2 31.Qf1 Qa5 32.Qe2 c4 33.Rb1 Qc3 34.Ne1 Bxe1 35.Qxe1 Qxd3 36.Rxb5 c3
37.Rb1 c2 38.Rc1 Rxe4 39.Qf1 Rd4  0-1

[Event "Bundesliga 8283"]
[Site "Germany"]
[Date "1983.??.??"]
[Round "?"]
[White "Heidrich, Manfred"]
[Black "Mevel, Alberic"]
[Result "1/2-1/2"]
[WhiteElo "2260"]
[BlackElo "2320"]

1.e4 c5 2.Nf3 d6 3.Bb5+ Bd7 4.a4 Nc6 5.O-O Nf6 6.Re1 e6 7.d3 Be7 8.Nbd2 O-O
9.Nc4 Rc8 10.e5 dxe5 11.Nfxe5 Nxe5 12.Nxe5 Bxb5 13.axb5 Qb6 14.Bg5 Rfd8 15.Nc4 Qxb5
16.Rxa7 Nd5 17.Bxe7  1/2-1/2

[Event "Bundesliga 8283"]
[Site "Germany"]
[Date "1983.??.??"]
[Round "?"]
[White "Heidrich, Manfred"]
[Black "Miles, Anthony J"]
[Result "0-1"]
[WhiteElo "2260"]
[BlackElo "2585"]

1.e4 c5 2.Nf3 d6 3.Bb5+ Bd7 4.Bxd7+ Qxd7 5.c4 Nc6 6.d4 cxd4 7.Nxd4 Nf6 8.Nc3 e6
9.Be3 Be7 10.O-O O-O 11.Rc1 a6 12.Qe2 Nxd4 13.Bxd4 b5 14.cxb5 e5 15.Be3 axb5
16.Bg5 b4 17.Bxf6 bxc3 18.Bxe7 cxb2 19.Bxf8 bxc1=Q 20.Rxc1 Kxf8 21.Rd1 Qc6
22.g3 Ra4 23.Qd3 Ke7 24.Qe3 h6 25.Rc1 Qb7 26.Re1 Rxa2 27.Qc3 Ra4 28.Qd3 Rd4
29.Qc3 Kf8 30.Qe3 Kg8 31.Qf3 g6 32.Qf6 Rxe4 33.Rd1 Qc6 34.Rb1 Qc7 35.Ra1 Rb4
36.h4 h5 37.Kh2 Rb8 38.Rd1 Rd8 39.Rc1 Qd7 40.Rb1 Re8 41.Rb6 d5 42.Rd6 Qb7
43.Qg5 d4 44.Qc1 Qf3 45.Qd2 Kg7 46.Ra6 d3 47.Ra1 Rc8 48.Qe3 Qxe3 49.fxe3 Rc2+
50.Kh3 Re2  0-1

[Event "Poutiainen mem"]
[Site "Helsinki"]
[Date "1983.??.??"]
[Round "?"]
[White "Salonen, Jyrki"]
[Black "Pirttimaki, Timo"]
[Result "1/2-1/2"]
[WhiteElo "2285"]
[BlackElo "2380"]

1.e4 c5 2.Nf3 d6 3.Bb5+ Bd7 4.c4 Nc6 5.O-O Nf6 6.Nc3 e6 7.d4 cxd4 8.Nxd4 Be7
9.b3 O-O 10.Bb2 Qc7 11.Rc1 Nxd4 12.Qxd4 Rfd8 13.Rfd1 Bf8 14.Bxd7 Rxd7 15.a3 b6
16.h3 Rad8 17.Rd3 Qc5 18.Rcd1 h6 19.Qxc5 dxc5 20.Rxd7 Rxd7 21.Rxd7 Nxd7 22.Nb5 a6
23.Nc7 Nb8 24.Na8 b5 25.cxb5 axb5 26.Nc7 b4 27.axb4 cxb4 28.Bd4 Nc6 29.Bb6 Ne5
30.Kf1 Nd3 31.Be3 Bc5 32.Ke2 Bxe3 33.Kxd3 Bxf2 34.Na6 Kf8 35.Nxb4 Ke7 36.Kc4 g6
37.Nd3 Be3 38.Ne5 h5 39.b4 g5 40.b5 f5 41.exf5 exf5 42.Kd5 g4 43.Nc4 f4 44.Ke4 Bc1
45.b6 Kd8 46.hxg4 hxg4 47.Kd5 f3 48.Kc6 Bf4 49.b7 Ke7 50.gxf3 gxf3 51.Nd2 f2
52.Kd5  1/2-1/2

[Event "Helsinki"]
[Site "Helsinki"]
[Date "1983.??.??"]
[Round "1"]
[White "Raaste, Eero J"]
[Black "Balashov, Yuri S"]
[Result "1/2-1/2"]
[WhiteElo "2380"]
[BlackElo "2540"]

1.e4 c5 2.Nf3 d6 3.Bb5+ Bd7 4.Bxd7+ Nxd7 5.O-O Ngf6 6.Re1 e6 7.d4 cxd4 8.Qxd4 Be7
9.c4 O-O 10.Nc3 a6 11.Bg5 Rc8 12.Rac1 h6 13.Bh4 Ne5 14.b3 Qa5 15.Bg3 Nxf3+
16.gxf3 Nh5 17.Red1 Bg5 18.Rc2 Nxg3 19.hxg3 b5 20.f4 Bf6 21.Qd2 bxc4  1/2-1/2

[Event "Helsinki"]
[Site "Helsinki"]
[Date "1983.??.??"]
[Round "8"]
[White "Raaste, Eero J"]
[Black "Nunn, John DM"]
[Result "0-1"]
[WhiteElo "2380"]
[BlackElo "2570"]

1.e4 c5 2.Nf3 d6 3.Bb5+ Bd7 4.Bxd7+ Nxd7 5.O-O Ngf6 6.Qe2 e6 7.c3 Be7 8.d4 O-O
9.Bg5 Rc8 10.Rd1 Nh5 11.Bxe7 Qxe7 12.Nbd2 cxd4 13.Nxd4 Nf4 14.Qe3 Ng6 15.N2f3 a6
16.Ne2 Rfd8 17.b3 b5 18.a4 Nc5 19.axb5 axb5 20.Nfd4 Qb7 21.Ra5 e5 22.Nf5 Nxb3
23.Ra7 Qb8 24.h4 Nd4 25.Ra5 Nxf5 26.exf5 Nxh4 27.Qg5 Qc7 28.Ra6 Qc4 29.f6 Ng6
30.Ng3 h6 31.Qf5 b4 32.Raxd6 Rxd6 33.Rxd6 bxc3 34.fxg7 c2 35.Ne2 c1=Q+ 36.Nxc1 Qxc1+
37.Kh2 Qf4+ 38.Qxf4 exf4  0-1

[Event "Marshall CC-ch"]
[Site "New York"]
[Date "1983.??.??"]
[Round "6"]
[White "Abrams, L."]
[Black "Kreuzer, D."]
[Result "0-1"]
[WhiteElo "2020"]
[BlackElo "2115"]

1.e4 c5 2.Nf3 d6 3.Bb5+ Bd7 4.Bxd7+ Nxd7 5.O-O Ngf6 6.Re1 e5 7.c3 Be7 8.d4 O-O
9.Nbd2 b5 10.Nf1 Re8 11.Ng3 Qc7 12.Nf5 Bf8 13.d5 c4 14.Bg5 h6 15.Bh4 g6 16.Bxf6 gxf5
17.Bh4 fxe4 18.Rxe4 f5 19.Re2 Nc5 20.Qc2 Qf7 21.Ne1 Bg7 22.b4 Na4 23.Qd2 e4
24.Rc1 f4 25.a3 Re5 26.g3 f3 27.Re3 Rxd5 28.Qc2 Rd3 29.Rxe4 Rxc3 30.Qd2 Rxc1
31.Qxc1 Nc3 32.Re3 Ne2+ 33.Rxe2 fxe2 34.Qd2 Re8 35.Qxd6 Bc3 36.Qxh6 Bxe1
37.Qg5+ Kh7  0-1

[Event "Nis"]
[Site "Nis"]
[Date "1983.??.??"]
[Round "5"]
[White "Rogers, Ian"]
[Black "Inkiov, Ventzislav"]
[Result "1/2-1/2"]
[WhiteElo "2450"]
[BlackElo "2500"]

1.e4 c5 2.Nf3 d6 3.Bb5+ Nd7 4.d4 Nf6 5.Nc3 a6 6.Bxd7+ Nxd7 7.O-O e6 8.Bg5 Qc7
9.Re1 h6 10.Bh4 cxd4 11.Qxd4 Ne5 12.Rad1 Bd7 13.Bg3 f6 14.Nd2 g5 15.Na4 Rc8
16.c3 Bxa4 17.Qxa4+ Qd7 18.Qb3 Nd3 19.Nc4 Rxc4 20.Rxd3 b5 21.Qd1 e5 22.f3 Be7
23.Bf2 Kf7 24.Rd5 Qe6 25.a3 h5 26.Qd3 Rc6 27.Ra1 g4 28.Rf1 gxf3 29.gxf3 Rg8+
30.Kh1 Qh3 31.Rg1 Rxg1+ 32.Bxg1 Rc8 33.Qe2 Rg8 34.Rd1 f5 35.exf5 Qxf5 36.Bb6 h4
37.Bf2 Ke6 38.Rf1 Rf8 39.Be3 Kd7 40.a4 e4 41.f4 Rg8 42.axb5 axb5 43.c4 bxc4
44.Qxc4  1/2-1/2

[Event "Novi Sad"]
[Site "Novi Sad"]
[Date "1983.??.??"]
[Round "?"]
[White "Tringov, Georgi P"]
[Black "Petrosian, Arshak B"]
[Result "1/2-1/2"]
[WhiteElo "2455"]
[BlackElo "2460"]

1.e4 c5 2.Nf3 d6 3.Bb5+ Bd7 4.Bxd7+ Qxd7 5.O-O Nc6 6.Qe2 e6 7.c3 Nf6 8.d4 cxd4
9.cxd4 d5 10.e5 Ne4 11.Rd1 Be7 12.Be3 O-O 13.Ne1 f6 14.f3  1/2-1/2

[Event "BUL-ch"]
[Site "Pernik"]
[Date "1983.??.??"]
[Round "7"]
[White "Georgiev, Krum"]
[Black "Semkov, Semko"]
[Result "1/2-1/2"]
[WhiteElo "2450"]
[BlackElo "2375"]

1.e4 c5 2.Nf3 d6 3.Bb5+ Bd7 4.Bxd7+ Qxd7 5.O-O e6 6.d3 Nc6 7.c4 Nf6 8.Nc3 Be7
9.a3 O-O 10.Rb1 a5  1/2-1/2

[Event "Reggio Emilia8384"]
[Site "Reggio Emilia"]
[Date "1983.??.??"]
[Round "5"]
[White "Rogers, Ian"]
[Black "Mokry, Karel"]
[Result "1/2-1/2"]
[WhiteElo "2450"]
[BlackElo "2450"]

1.e4 c5 2.Nf3 d6 3.Bb5+ Bd7 4.Bxd7+ Nxd7 5.O-O Ngf6 6.Qe2 e6 7.b3 Be7 8.Bb2 O-O
9.c4 e5 10.Ne1 Ne8 11.Nc3 Nc7 12.Nd3 a6 13.a4 Rb8 14.Kh1 Re8 15.Rfc1 Bf8
16.Kg1 g6 17.b4 cxb4 18.Nxb4 Nc5 19.Ra3 N7e6 20.Ncd5 Bg7 21.Nd3 Nxd3 22.Qxd3 Rf8
23.Bc3 f5 24.exf5 Rxf5 25.Rb1 Rf7 26.Qg3 Rc8 27.d3 Nf4 28.Nxf4 exf4 29.Qf3 Bxc3
30.Rxc3 d5 31.h3 dxc4 32.dxc4 Qd7 33.a5 Qc6 34.Qg4 Rcf8 35.Rcb3 Qxc4 36.Rxb7 Rxb7
37.Rxb7 Rf7 38.Rb8+ Kg7 39.Rb6 Qc1+ 40.Kh2 Qc5 41.Qe2 Qxa5 42.Rxa6 Qc3 43.f3 Qd4
44.Ra8 Qe3 45.Qxe3 fxe3 46.Re8 Ra7 47.Rxe3 Kf6 48.Rb3 h5 49.Kg3 Ra4 50.h4 Ra1
51.Rb6+ Kf7 52.Rb3 Kf6 53.Re3 Ra4 54.Re4 Ra2 55.Rf4+ Kg7 56.Rb4 Kf6 57.Rb6+ Kf7
58.Kh3 Ra3 59.Rb5 Kf6 60.Rg5 Ra4 61.Kg3 Rb4 62.f4 Rb3+ 63.Kf2 Rb2+ 64.Kg1 Rb1+
65.Kh2 Rb4 66.g3 Rb2+ 67.Kg1 Rb1+ 68.Kf2 Rb2+ 69.Ke3 Rb3+ 70.Ke4 Rb4+ 71.Kd5 Rb3  1/2-1/2

[Event "BCF-ch"]
[Site "Southport"]
[Date "1983.??.??"]
[Round "2"]
[White "Lawton, Geoffrey W"]
[Black "Speelman, Jonathan S"]
[Result "1/2-1/2"]
[WhiteElo "2380"]
[BlackElo "2535"]

1.e4 c5 2.Nf3 d6 3.Bb5+ Bd7 4.Bxd7+ Qxd7 5.O-O e6 6.c3 Nf6 7.Qe2 Nc6 8.d4 cxd4
9.cxd4 d5 10.e5 Ne4 11.Be3 Be7 12.Ne1 f6 13.f3 Ng5 14.Qd2 Nf7 15.f4 f5 16.Nc3 O-O
17.Nd3 b6 18.h3 Rac8 19.Rac1 Na5 20.b3 Ba3 21.Rc2 Rc7 22.Nb1 Rxc2 23.Qxc2 Rc8  1/2-1/2

[Event "BCF-ch"]
[Site "Southport"]
[Date "1983.??.??"]
[Round "7"]
[White "Lawton, Geoffrey W"]
[Black "Large, Peter G"]
[Result "1/2-1/2"]
[WhiteElo "2380"]
[BlackElo "2310"]

1.e4 c5 2.Nf3 d6 3.Bb5+ Nd7 4.d4 Nf6 5.Nc3 cxd4 6.Qxd4 e5 7.Qd3 h6 8.Be3 Be7
9.h3 O-O 10.O-O-O Qc7 11.Bxd7 Bxd7 12.g4 Rfc8 13.g5 hxg5 14.Bxg5 Be6 15.Rhg1 b5
16.Bxf6 Bxf6 17.Qxd6 Qa5 18.Nd5 Bxd5 19.Qxd5 Qa4 20.c3 Rd8 21.Qc6 Qxa2 22.Rxd8+ Rxd8
23.Qxf6 Qa1+ 24.Kc2 Qa4+ 25.b3 Qa2+  1/2-1/2

[Event "Tatran Cup"]
[Site "Stary Smokovec"]
[Date "1983.??.??"]
[Round "7"]
[White "Franzen, Josef"]
[Black "Schneider, Attila"]
[Result "1/2-1/2"]
[WhiteElo "2330"]
[BlackElo "2410"]

1.e4 c5 2.Nf3 d6 3.Bb5+ Bd7 4.Bxd7+ Qxd7 5.c4 Nc6 6.d4 cxd4 7.Nxd4 Nf6 8.Nc3 g6
9.f3 Bg7 10.Be3 O-O 11.Qd2 Rfc8 12.b3 Qd8 13.O-O Qa5  1/2-1/2

[Event "URS-FL"]
[Site "Tallinn"]
[Date "1983.??.??"]
[Round "?"]
[White "Malaniuk, Vladimir P"]
[Black "Gavrikov, Viktor"]
[Result "1/2-1/2"]
[WhiteElo "2485"]
[BlackElo "2485"]

1.e4 c5 2.Nf3 d6 3.Bb5+ Bd7 4.Bxd7+ Qxd7 5.O-O e6 6.c3 Nf6 7.Re1 Nc6 8.d4 cxd4
9.cxd4 d5 10.e5 Ne4 11.Nbd2 Nxd2 12.Bxd2 Be7 13.Bg5 O-O 14.Bxe7 Nxe7 15.Qd2 Rfc8
16.Rac1 Qa4 17.b3 Qa3 18.h3 h6 19.Red1 Kf8 20.Kh2 a5 21.Ne1 Qb4 22.Qd3 Qa3
23.Qd2 Qb4 24.Qd3 Qa3  1/2-1/2

[Event "Tbilisi"]
[Site "Tbilisi"]
[Date "1983.??.??"]
[Round "?"]
[White "Gurgenidze, Bukhuti"]
[Black "Ubilava, Elizbar"]
[Result "1-0"]
[WhiteElo "2470"]
[BlackElo "2465"]

1.e4 c5 2.Nf3 d6 3.Bb5+ Nd7 4.c4 Nf6 5.Nc3 e6 6.d4 cxd4 7.Nxd4 Be7 8.g4 h6
9.h4 Kf8 10.Qe2 Nb6 11.g5 hxg5 12.Bxg5 a6 13.Ba4 Nxa4 14.Nxa4 Qa5+ 15.Nc3 Qxg5
16.hxg5 Rxh1+ 17.Kd2 Rxa1 18.gxf6 Bxf6 19.Qd3 Rh1 20.Nde2 Be7 21.Kc2 Rh6
22.f4 Bd7 23.e5 d5 24.cxd5 exd5 25.Nd4 Rc8 26.Qf3 Rh2+ 27.Kb1 Rc5 28.f5 Rh6
29.Nxd5 Rh4 30.Ne6+ Bxe6 31.fxe6 f6 32.exf6 gxf6 33.Nxf6 Kg7 34.Nd7 Rg5 35.a3 Kh6
36.Qxb7 a5 37.Ka2 Rh2 38.Ne5 Rxe5 39.Qxe7 Rhe2 40.Qf6+ Kh7 41.e7 Rxe7 42.Qf5+ Kg7
43.Qxa5 R2e5 44.Qc3 Kf7 45.a4 Ke8 46.Qc8+ Kf7 47.Ka3 Rd5 48.Qc4 Rd7 49.a5 Ke7
50.b4 Kd6 51.Ka4 Rc7 52.Qa6+ Kd7 53.Qa8 Rd1 54.a6 Rc6 55.Qb7+ Rc7 56.Qe4 Rdc1
57.Ka5 R7c2 58.b5 Ra2+ 59.Kb6 Rca1 60.Kb7  1-0